Ke statistickému zkoumání rozvahových a výsledkových ukazatelů
Ukazovatele súvahy a výkazu ziskov a strát, ktoré sú využiteľné pri finančnej analýze. Výpočty pomerových ukazovateľov stability, likvidity, aktivity a rentability. Uplatnenie metódy triedenia, ktorá vedľa stredných hodnôt a miery variability predstavuje rozdelenie početnosti jednotiek súboru. Využi...
Salvato in:
| Autore principale: | |
|---|---|
| Natura: | Capitolo di libro |
| Lingua: | ceco |
| Soggetti: | |
| Tags: |
Nessun Tag, puoi essere il primo ad aggiungerne!!
|
MARC
| LEADER | 00000naa a2200000 4500 | ||
|---|---|---|---|
| 001 | r025863 | ||
| 005 | 20230925110120.8 | ||
| 041 | 0 | |a cze | |
| 044 | |a CZ | ||
| 245 | 1 | 0 | |a Ke statistickému zkoumání rozvahových a výsledkových ukazatelů |c J. Jílek |
| 520 | |a Ukazovatele súvahy a výkazu ziskov a strát, ktoré sú využiteľné pri finančnej analýze. Výpočty pomerových ukazovateľov stability, likvidity, aktivity a rentability. Uplatnenie metódy triedenia, ktorá vedľa stredných hodnôt a miery variability predstavuje rozdelenie početnosti jednotiek súboru. Využitie údajov zo štvrťročných štatistických výkazov a ročných účtovných výkazov. | ||
| 610 | 2 | 0 | |a analýza finančná |
| 610 | 2 | 0 | |a metódy štatistické |
| 610 | 2 | 0 | |a súvaha |
| 610 | 2 | 0 | |a výkazy účtovné |
| 610 | 2 | 0 | |a zisk |
| 610 | 2 | 0 | |a strata |
| 610 | 2 | 0 | |a ukazovatele finančné |
| 610 | 2 | 0 | |a ukazovatele rentability |
| 610 | 2 | 0 | |a hospodárenie finančné |
| 100 | 1 | |a Jílek, Josef | |